header

Contemporary marketing / (Record no. 255512)

MARC details
000 -LEADER
fixed length control field 01103cam a22003135a 4500
001 - CONTROL NUMBER
control field 14717641
003 - CONTROL NUMBER IDENTIFIER
control field OSt
005 - DATE AND TIME OF LATEST TRANSACTION
control field 20170216091438.0
008 - FIXED-LENGTH DATA ELEMENTS--GENERAL INFORMATION
fixed length control field 070130s2007 ohu 000 0 eng
020 ## - INTERNATIONAL STANDARD BOOK NUMBER
International Standard Book Number 9780324540529 (student ed.)
International Standard Book Number 0324540523 (student ed.)
International Standard Book Number 9780324359299 (student ed. with CD)
International Standard Book Number 0324359292 (student ed. with CD)
International Standard Book Number 9780324540512 (instructor's ed.)
International Standard Book Number 0324540515 (instructor's ed.)
International Standard Book Number 9780324641868 (instructor's ed. with CD)
International Standard Book Number 0324641869 (instructor's ed. with CD)
040 ## - CATALOGING SOURCE
Original cataloging agency DLC
Transcribing agency DLC
100 1# - MAIN ENTRY--PERSONAL NAME
Personal name Boone, Louis E.
245 10 - TITLE STATEMENT
Title Contemporary marketing /
Statement of responsibility, etc Louis E. Boone, David L. Kurtz.
250 ## - EDITION STATEMENT
Edition statement 12th ed.
260 ## - PUBLICATION, DISTRIBUTION, ETC. (IMPRINT)
Place of publication, distribution, etc Mason, OH :
Name of publisher, distributor, etc Thomson South-Western,
Date of publication, distribution, etc 2007.
263 ## - PROJECTED PUBLICATION DATE
Projected publication date 0701
300 ## - PHYSICAL DESCRIPTION
Extent p. cm.
906 ## - LOCAL DATA ELEMENT F, LDF (RLIN)
a 0
b ibc
c orignew
d 3
e epcn
f 20
g y-gencatlg
942 ## - ADDED ENTRY ELEMENTS (KOHA)
Source of classification or shelving scheme Library of Congress Classification
Koha item type Long Loan Books

No items available.

© 2026 Rongo University
Contact us: librarian | system librarian | Rongo university